Potenciál cetuximabu predĺžiť prežívanie v 1. línii liečby mCRC

Bibliographic Details
Format: Article
Language:Slovak
Subjects:

MARC

LEADER 00000nab a2200000 a 4500
001 vtls008417093
003 SK-MaSNL
005 20260303070027.0
008 140303c2005 xo wrzp 0 0slo
015 |a SNBRB2005/11  |2 snkbucl 
040 |a SNKBUCL  |b slo  |c SNKBUCL  |e AACR2 
041 0 |a slo 
044 |a xo  |c SK 
080 |a 616.348/.351-085  |2 1997 
080 |a 615.277  |2 1997 
245 0 0 |a Potenciál cetuximabu predĺžiť prežívanie v 1. línii liečby mCRC  |c [autor] (mar) 
300 |b Fotogr. 
504 |a Bibliogr. odkazy 
650 0 7 |a cetuximab  |2 snkbucl  |9 1066926 
650 0 7 |a karcinóm kolorektálny metastatický  |x farmakoterapia  |2 snkbucl  |9 1066927 
773 0 |t Zdravotnícke noviny  |g Roč. X, č. 32 (2005)  |x 1335-4477 
773 0 8 |t Lekárske listy  |g Č. 32 (2005), s. 22-23 
852 |a SNK  |b KIS3GCP 
958 |a ME  |2 snkbucl 
958 |a NB  |2 snkbucl 
999 |c 1753601  |d 1755531